| 000 | 00711cam a22002531 4500 | ||
|---|---|---|---|
| 001 | agr67000329 | ||
| 003 | DLC | ||
| 005 | 20260227111027.0 | ||
| 008 | 740409s1967 xx 000 0 eng | ||
| 010 | _aagr67000329 | ||
| 035 | _a(OCoLC)851961 | ||
| 040 |
_aDLC _cOKentU _dOCl _dOCoLC _dDLC |
||
| 042 | _apremarc | ||
| 050 | 0 | 0 |
_aZ695.1.A4 _bU37 |
| 082 | _a025.33/63 | ||
| 110 | 2 | _aNational Agricultural Library (U.S.) | |
| 245 | 1 | 0 | _aAgricultural/biological vocabulary. |
| 250 | _a1st ed. | ||
| 260 |
_aWashington, _c1967. |
||
| 300 |
_a2 v. _c27 cm. |
||
| 505 | 0 | _av. 1. Categorized list. v. 2. Alphabetical list. | |
| 650 | 0 |
_aSubject headings _xAgriculture. |
|
| 650 | 0 |
_aSubject headings _xBiology. |
|
| 999 |
_c12269 _d12269 |
||